Municipalities of Saitama - Click Map - Statistics

General Stats
  • This quiz has been taken 37 times
  • The average score is 41 of 63
Answers on the Map
Answers color-coded by a green-red scale on the quiz's map according to % correct below.
 
Answer Stats
Answer % Correct
Kawaguchi 川口市 かわぐちし
100%
Hanno 飯能市 はんのうし
92%
Saitama さいたま市 さいたまし
92%
Chichibu 秩父市 ちちぶし
85%
Wako 和光市 わこうし
85%
Ageo 上尾市 あげおし
77%
Fukaya 深谷市 ふかやし
77%
Higashimatsuyama 東松山市 ひがしまつやまし
77%
Honjo 本庄市 ほんじょうし
77%
Kasukabe 春日部市 かすかべし
77%
Kawagoe 川越市 かわごえし
77%
Konosu 鴻巣市 こうのすし
77%
Kuki 久喜市 くきし
77%
Kumagaya 熊谷市 くまがやし
77%
Satte 幸手市 さってし
77%
Toda 戸田市 とだし
77%
Tokorozawa 所沢市 ところざわし
77%
Fujimino ふじみ野市 ふじみのし
69%
Koshigaya 越谷市 こしがやし
69%
Misato (city) 三郷市 みさとし
69%
Niiza 新座市 にいざし
69%
Ogano 小鹿野町 おがのまち
69%
Okegawa 桶川市 おけがわし
69%
Shiraoka 白岡市 しらおかし
69%
Soka 草加市 そうかし
69%
Warabi 蕨市 わらびし
69%
Yashio 八潮市 やしおし
69%
Yokoze 横瀬町 よこぜまち
69%
Yoshimi 吉見町 よしみまち
69%
Asaka 朝霞市 あさかし
62%
Gyoda 行田市 ぎょうだし
62%
Hanyu 羽生市 はにゅうし
62%
Ina 伊奈町 いなまち
62%
Kamikawa 神川町 かみかわまち
62%
Kamisato 上里町 かみさとまち
62%
Kawajima 川島町 かわじままち
62%
Kazo 加須市 かぞし
62%
Matsubushi 松伏町 まつぶしまち
62%
Miyoshi 三芳町 みよしまち
62%
Namegawa 滑川町 なめがわまち
62%
Tokigawa ときがわ町 ときがわまち
62%
Tsurugashima 鶴ヶ島市 つるがしまし
62%
Yorii 寄居町 よりいまち
62%
Yoshikawa 吉川市 よしかわし
62%
Fujimi 富士見市 ふじみし
54%
Hatoyama 鳩山町 はとやままち
54%
Higashichichibu 東秩父村 ひがしちちぶむら
54%
Minano 皆野町 みなのまち
54%
Misato (town) 美里町 みさとまち
54%
Miyashiro 宮代町 みやしろまち
54%
Moroyama 毛呂山町 もろやままち
54%
Ogawa 小川町 おがわまち
54%
Ogose 越生町 おごせまち
54%
Sakado 坂戸市 さかどし
54%
Sayama 狭山市 さやまし
54%
Shiki 志木市 しきし
54%
Sugito 杉戸町 すぎとまち
54%
Hasuda 蓮田市 はすだし
46%
Iruma 入間市 いるまし
46%
Kitamoto 北本市 きたもとし
46%
Ranzan 嵐山町 らんざんまち
46%
Hidaka 日高市 ひだかし
38%
Nagatoro 長瀞町 ながとろまち
38%
No matching quizzes found
Score Distribution
Percent of People with Each Score
Percentile by Number Answered
Your Score History
You have not taken this quiz